Les personnages de Stranger Things - Statistiques

Statistiques générales
  • Ce quiz a été pris 277 fois
  • Le résultat moyen est 18 sur 20
Statistiques - réponses
Par images Réponse % Correct
Onze
100%
Will Byers
98%
Jonathan Byers
97%
Mike Wheeler
97%
Steve Harrington
97%
Jim Hopper
96%
Lucas Sinclair
96%
Nancy Wheeler
96%
Dustin Henderson
95%
Joyce Byers
95%
Max Mayfield
95%
Billy Hargrove
94%
Erica Sinclair
94%
Robin Buckley
93%
Eddie Munson
91%
Murray Bauman
86%
Alexei
83%
Dr. Martin Brenner
81%
Scott Clarke
77%
Sam Owens
69%
Aucun quiz correspondant
Distribution des résultats
% des personnes avec chaque résultat
Percentile par nombre de réponses
Votre historique - résultats
Vous n’avez pas pris ce quiz